000 00620nam a22001817a 4500
003 UA-OsUOA
001 8542
007 ta
008 20040914b un ||||| |||| 00| 0 ukr d
100 _aКороненко С.
942 _cSA
040 _aUA-OsUOA
_cUA-OsUOA
_dUA-OsUOA
245 _aЛюбити Україну і творити : [ Вручення Лігою українських меценатів своїж премій лауреатам ]
300 _aС.1
955 _a0
773 0 _w0
_tЛітературна Украіна
_dКиїв
_d2004
_g№35
650 7 _aЛітературні премії
_2UDC
999 _c294703
_d294703